000 00695nam a2200265Ia 4500
003 OSt
005 20221007100028.0
006 a|||||r|||| 00| 0
007 ta
008 221006b |||||||| |||| 00| 0 eng d
024 _a3,584
037 _cTextual
040 _aLCO
_cLCO
_beng
041 _2eng
_aeng
082 _aZ2,181, P4
100 _aRamaiya A.
245 0 _aGuide to the Companies Act.3V with Appendix
250 _a15th
260 _aDelhi
_bLexis Nexis Butterworths Wadhwa Nagpur India
_c2004
300 _avarious
490 _vI
650 _aCOMPANY ACT
_9701196
942 _hZ2,181, P4
_cTEXL
999 _c1173147
_d1173147